000 00813nam a22001577a 4500
003 OSt
005 20151209103030.0
008 151209b xxu||||| |||| 00| 0 eng d
040 _cRUA
082 _aATM SEN 2005 B193 Or.1
100 _94576
_aSENG, THEARA.
245 _astudy of community and economic analysis of bio-digester in kandal stung district, kandal province and traing distri9ct, takeo province (ការសិក្សាពីសហគមន៍ និង ការវិភាគសេដ្ឋកិច្ចឡជីវឧស្ម័ន នៅស្រុកកណ្តាលស្ទឹង ខេត្តកណ្តាល និង​ស្រុកទ្រាំង ខេត្តតាកែវ)
260 _aPhnom Penh
_bRUA
_c2005
300 _aix, 44p
_bill.
_c29cm.
942 _2ddc
_cATM
999 _c4265
_d4265